000
00321nam a2200133Ia 4500
005
20260328104338.0
008
260328s9999||||xx |||||||||||||| ||und||
100
_a
Cullen, Gordon
245
0
_a
Townscape /
_c
Gordon Cullen
260
_b
The architectural Press
300
_a
313 p.
650
_a
PAISAJISMO
942
_c
BK
999
_c
12010
_d
12010